00888nam a2200265 a 450000100100000000500170001000800410002702000150006804000250008308200170010810000370012524500870016226000300024930000200027949000210029965000250032065000400034570000360038574000170042183000300043891000070046804900090047595201210048499900170060500002135220200930011316.0100906s1995 sp 000 f spa d a8420646792 aDO-SdBNPbspacBNPHU a833.9bH587a1 aHesse, Hermann,b1877-19629330110aAlma infantil ; mes de julio /cHermann Hesse ; traducción de Manuel Olasagasti. aMadrid :bAlianza,c1995. a96 p. ;c15 cm.1 aAlianza cienv79 4aNovela alemana93302 4aLiteratura alemanaySIGLO XX9129391 aOlasagasti, Manuel,etr.91331802aMes de Julio 0aAlianza cien ;v79912832 aWM aBNGR 001054708MOaGRbGRcHDd2010-09-06iLF1l0o833.9 H587ap21352-10r2020-06-25w2020-06-25y4ZPréstamo en sala c20852d20852